Born in Erie/Pennsylvania - Statistics

General Stats
  • This quiz has been taken 21 times
    16 since last reset
  • The average score is 4 of 6
Answer Stats
Hint Answer % Correct
Hall of Fame wide receiver who played for the Oakland Raiders 1943 Fred Biletnikoff
83%
Creator of the "Arthur" books 1946 Marc Brown
75%
Lead singer of the band Train 1969 Pat Monahan
75%
Running back who plays for the Arizona Cardinals and overcame cancer during his college career 1995 James Conner
67%
Former FBI agent who worked undercover as Donnie Brasco and pioneer in long-term undercover work. he is portrayed by Johnny Depp in the film "Donnie Brasco" 1939 Joseph D. Pistone
58%
Cinematographer, best knwon for his collaborations with Wes Anderson 1951 Robert Yeoman
8%
No matching quizzes found
Score Distribution
Percent of People with Each Score
Percentile by Number Answered
Your Score History
You have not taken this quiz since the last reset